000 00464nam a2200169 a 4500
005 20140130114848.0
008 140130b2008 ck ||||| |||| 00| 0 spa d
041 _aspa
044 _ack
090 _aIAVH
_b01257
100 _aRodríguez Sinisterra, Karina
_96041
245 _aAsesoría técnica empresa ARAKATANGA
_bInforme final
260 _aBogotá
_bIAVH
_c2008
300 _a42 h.
662 _aColombia
_dBuenaventura
_bValle del Cauca
942 _cImpreso
_2z
999 _c6715
_d6715